LEADER 00876nam0-22002891i-450- 001 990003270030403321 005 20060511153913.0 035 $a000327003 035 $aFED01000327003 035 $a(Aleph)000327003FED01 035 $a000327003 100 $a20030910d1956----km-y0itay50------ba 101 0 $aita 105 $ay-------001yy 200 1 $aProblemi e prospettive della Sicilia d'oggi$ediscorso pronunziato all'Assemblea regionale siciliana il 31 luglio 1956$fGiuseppe Alessi 210 $a[Palermo$cs.n.]$dstampa 1956 215 $a65 p. 610 0 $aSicilia 676 $a074.017 700 1$aAlessi,$bGiuseppe$f<1905->$0292764 801 0$aIT$bUNINA$gRICA$2UNIMARC 901 $aBK 912 $a990003270030403321 952 $a074.017.ALE$b16154$fDECGE 959 $aDECGE 996 $aProblemi e prospettive della Sicilia d'oggi$9450575 997 $aUNINA